Statistics for North and Central America Flags

Click here to take the quiz!

General Stats

  • This quiz has been taken 75 times
  • The average score is 13 of 14

Answer Stats

Answer% Correct
Canada
100%
Mexico
98%
Honduras
96%
United States
96%
Jamaica
94%
Panama
94%
Cuba
91%
Costa Rica
89%
El Salvador
89%
Guatemala
83%
Nicaragua
83%
Dominican Republic
81%
Belize
79%
Haiti
79%

Score Distribution

Percentile by Number Answered

Percent of People with Each Score

Your Score History

You have not taken this quiz